Uma história de futebol (Record no. 150600)

MARC details
000 -LÍDER
campo de controle de tamanho fixo 00377 a2200157 4500
001 - NÚMERO DE CONTROLE
campo de controle 150600
040 ## - FONTE DA CATALOGAÇÃO
Instituição que transcreveu o registro Escola São Tomás de Aquino
100 ## - ENTRADA PRINCIPAL--NOME PESSOAL
Nome pessoal TORERO, José Roberto
240 10 - TÍTULO UNIFORME
Título uniforme Uma história de futebol
Idioma da obra por
245 10 - TÍTULO
Título Uma história de futebol
300 ## - DESCRIÇÃO FÍSICA
Extensão 74
362 0# - DATAS DE PUBLICAÇÃO E/OU DESIGNAÇÃO SEQUENCIAL
Datas de publicação e/ou designação sequencial 2006
440 #1 - DECLARAÇÃO DE SÉRIE/ENTRADA ADICIONADA--TÍTULO
Título Objetiva
697 ## - ENTRADA DE ASSUNTO LOCAL--ENTIDADE COLETIVA (RLIN)
Nome corporativo ou nome da jurisdição Educação Física / Esporte
942 ## - ELEMENTOS DE ENTRADA ADICIONADOS (KOHA)
Tipo de material Koha Livros
Holdings
Situação do descarte Situação das perdas Situação física Não pode ser emprestado Biblioteca de origem Biblioteca atual Data de aquisição Total de empréstimos Número de chamada completo Código de barras Data de último acesso Data do preço efetivo Tipo de material Koha Fonte da classificação ou esquema de arquivamento na estante
        Canadian School of Niterói - Piratininga Canadian School of Niterói - Piratininga 14/08/2024   TOR A26290 14/08/2024 14/08/2024 Livros  
        ESTA - SÃO BENTO ESTA - SÃO BENTO 30/04/2024   796 TOR HIS EST00004627 30/04/2024 30/04/2024 Livros